000 00358nam a22001577a 4500
003 MACL
005 20151128120251.0
008 151128b xxu||||| |||| 00| 0 eng d
040 _cMACL
041 _aEnglish
082 _a920/MIS
100 _aMishra, Vinod Kumar
_918454
245 _aAlbert Einstein
650 _aBiography
_918455
942 _2ddc
_cBK
999 _c51226
_d51226